| 000 | 00703nam a2200289Ia 4500 | ||
|---|---|---|---|
| 005 | 20260324144504.0 | ||
| 008 | 008 260324s9999 xx 000 0 eng d | ||
| 020 | _a9780429313639 | ||
| 037 | _aEBOOK | ||
| 040 | _aCRL | ||
| 040 | _beng | ||
| 040 | _cCRL | ||
| 041 | _2eng | ||
| 041 | _aeng | ||
| 084 | _qCRL | ||
| 100 |
_aPeter Nolan _91141370 |
||
| 245 | 4 | _aThe Political Economy Of Collective Farms | |
| 245 | 3 | _bAn Analysis Of China's Post-mao Rural Reforms | |
| 260 | _bTaylor and Francis | ||
| 260 | _c1988 | ||
| 365 | _a | ||
| 365 | _b145 | ||
| 856 | _uhttp://www.taylorfrancis.com/books/9780429313639 | ||
| 942 | _cEBOOK | ||
| 999 |
_c1826188 _d1826188 |
||